Moving out of poverty. (Record no. 14623)

000 -LEADER
fixed length control field 00888cam a2200289 a 4500
020 ## - INTERNATIONAL STANDARD BOOK NUMBER
ISBN 9780821371114 (v. 1 : hbk.)
020 ## - INTERNATIONAL STANDARD BOOK NUMBER
ISBN 0821371118 (v. 1 : hbk.)
020 ## - INTERNATIONAL STANDARD BOOK NUMBER
ISBN 9780821369913 (v. 1 : pbk.)
020 ## - INTERNATIONAL STANDARD BOOK NUMBER
ISBN 0821369911 (v. 1 : pbk.)
020 ## - INTERNATIONAL STANDARD BOOK NUMBER
ISBN 9780821372159 (v. 2 : pbk.)
020 ## - INTERNATIONAL STANDARD BOOK NUMBER
ISBN 9780821378366 (v. 2 : hbk.)
020 ## - INTERNATIONAL STANDARD BOOK NUMBER
ISBN 9780821372173 (v. 3 : pbk.)
020 ## - INTERNATIONAL STANDARD BOOK NUMBER
ISBN 9780821376317 (v. 4 : pbk.)
040 ## - CATALOGING SOURCE
Transcribing agency UKM
082 04 - DEWEY DECIMAL CLASSIFICATION NUMBER
Classification number 339 WOR 2007 A069 Or.
245 00 - TITLE STATEMENT
Title Moving out of poverty.
260 ## - PUBLICATION, DISTRIBUTION, ETC. (IMPRINT)
Place of publication Basingstoke ;
-- New York :
Name of publisher Palgrave ;
Place of publication Washington, D.C. :
Name of publisher World Bank,
Year of publication c2007-
300 ## - PHYSICAL DESCRIPTION
Number of Pages v. <1-4 > :
Other physical details ill. ;
Dimensions 24 cm.
650 #0 - SUBJECT ADDED ENTRY--TOPICAL TERM
Topical Term Poverty
650 #0 - SUBJECT ADDED ENTRY--TOPICAL TERM
Topical Term Social mobility
650 #0 - SUBJECT ADDED ENTRY--TOPICAL TERM
Topical Term Migrant labor
700 1# - ADDED ENTRY--PERSONAL NAME
Personal name Narayan-Parker, Deepa.
700 1# - ADDED ENTRY--PERSONAL NAME
Personal name Petesch, Patti L.
700 1# - ADDED ENTRY--PERSONAL NAME
Personal name Pritchett, Lant.
700 1# - ADDED ENTRY--PERSONAL NAME
Personal name Kapoor, Soumya.
942 ## - ADDED ENTRY ELEMENTS (KOHA)
Koha item type សៀវភៅភាសាអង់គ្លេស
952 ## - LOCATION AND ITEM INFORMATION (KOHA)
Withdrawn status [LOCAL, KOHA] 0
Holdings
Permanent Location Date acquired Koha item type Lost status Shelving location Barcode Current Location Full call number
Library Block A2017-12-04សៀវភៅភាសាអង់គ្លេស A069A14664Library Block A339 WOR 2007 A069 Or.
មជ្ឈមណ្ឌលឯការនៃសាកលវិទ្យាល័យភូមិន្ទកសិកម្មចំការដូង

Powered by Koha